| 000 | 01725nam a22004457a 4500 | ||
|---|---|---|---|
| 001 | 000052005 | ||
| 003 | CHAP | ||
| 005 | 20220329140349.0 | ||
| 008 | 971013s1965 r 00010 d | ||
| 010 | _a50942 | ||
| 011 | _a51914 | ||
| 035 | _a56064 | ||
| 040 | _cCHAP | ||
| 082 | 0 | 4 |
_a634.92 _bR6 |
| 100 | 0 | 0 |
_aRodríguez Muñoz, Ricardo. _998734 |
| 245 | 1 | 0 | _aEconomía forestal. |
| 260 |
_aChapingo, Méx. : _bENA, _c1965. |
||
| 300 |
_a135 p. : _b: ilus. |
||
| 500 | _aEd. en duplimat | ||
| 590 |
_aBATCH-UPD _b10 _c20130110 _lUCH01 _h0732 |
||
| 590 |
_aBATCH-UPD _b10 _c20130410 _lUCH01 _h0415 |
||
| 590 |
_aBATCH-UPD _b10 _c20130914 _lUCH01 _h0715 |
||
| 590 |
_aCONVERSION _b10 _c20130109 _lUCH01 _h1328 |
||
| 590 |
_aE5995AHE _b05 _c20150325 _lUCH01 _h1401 |
||
| 650 | 1 | 4 |
_aBosques _xAspectos económicos. _914058 |
| 901 | _aBK | ||
| 942 | _cLIBRO | ||
| 942 | _n0 | ||
| 949 |
_a634.92 R6 _bBC _cLIBRO _d-122639 _eLIBRO _fc.2 _h25514 _i56064 _si |
||
| 949 |
_a634.92 R6 _bBC _cLIBRO _d-122640 _eLIBRO _fc.3 _h25515 _i56064 _si |
||
| 949 |
_a634.92 R6 _bBC _cLIBRO _d-122641 _eLIBRO _fc.4 _h25516 _i56064 _si |
||
| 949 |
_a634.92 R6 _bBC _cLIBRO _d-122643 _eLIBRO _fc.5 _h25517 _i56064 _si |
||
| 949 |
_a634.92 R6 _bBC _cLIBRO _d-122644 _eLIBRO _fc.6 _h25518 _i56064 _si |
||
| 949 |
_a634.92 R6 _bBC _cLIBRO _d-122647 _eLIBRO _fc.9 _h25511 _i56064 _si |
||
| 949 |
_a634.92 R6 _bBC _cLIBRO _d-122648 _eLIBRO _fc.10 _h25512 _i56064 _si |
||
| 949 |
_a634.92 R6 _bBC _cLIBRO _d33724000233326 _eLIBRO _fc.7 _h25519 _i56064 _si |
||
| 949 |
_a634.92 R6 _bBC _cLIBRO _d33724000233334 _eLIBRO _fc.12 _h111577 _i56064 _sb |
||
| 949 |
_a634.92 R6 _bBC _cLIBRO _d33724000233342 _eLIBRO _fc.8 _h25510 _i56064 _si |
||
| 949 |
_a634.92 R6 _bBC _cLIBRO _d33724000233367 _eLIBRO _fc.20 _h23528 _i56064 _sb |
||
| 999 |
_c50942 _d50942 |
||